eleven eleven - conan gray (lyrics) - Statistics

General Stats
  • This quiz has been taken 128 times
  • The average score is 268 of 304
Answer Stats
Hint Answer % Correct
a
100%
I
100%
I,
100%
the
100%
you
100%
you;
100%
you,
100%
you)
100%
for
98%
for?
98%
For
98%
In
98%
in
98%
on
98%
and
97%
And
97%
Like
97%
like
97%
stil
97%
that
97%
That
97%
Chorus There's
97%
(There's
97%
to
97%
we
97%
wish
97%
wishbones
97%
Bridge Wishbones,
97%
clovers
95%
clovers,
95%
it
95%
As
93%
as
93%
at
93%
much
93%
11:11
91%
from
91%
is
91%
my
91%
My
91%
numbers
91%
star
91%
still
91%
(Still
91%
be
90%
forget
90%
heaven
90%
heaven)
90%
our
90%
black
88%
if
88%
It's
88%
it's
88%
night
88%
stars
88%
mind,
86%
mind
86%
sign,
86%
want
86%
cats,
84%
connection
84%
kissed
84%
me
84%
me,
84%
Oh,
83%
Verse 1 Shooting
83%
us
83%
But
81%
first
81%
I'll
81%
missed
81%
over
81%
Shapes
81%
shapes
81%
invent
79%
too
79%
act
78%
blink,
78%
can't
78%
exist
78%
pavement
78%
So,
78%
So
78%
you'll
78%
ask
76%
broke
76%
cracks
76%
dangerous
76%
glass,
76%
late
76%
save
76%
thought
76%
Why
76%
won't
76%
back?
74%
just
74%
you're
74%
You're
74%
come
72%
I'd
72%
look
72%
wait
72%
deny
71%
don't
71%
ended
71%
what
71%
am
69%
Pre chorus 'Cause
69%
some
69%
accept
67%
better
67%
find
67%
shoulder
67%
you'd
67%
forever
66%
salt
66%
girl
64%
horoscopes
64%
reading
64%
signs
64%
spilling
64%
know
62%
New
62%
shit's
62%
white
62%
nothing
60%
those
60%
we're
60%
York
60%
Verse 2 Heard
59%
Nikes
59%
seeing
57%
something
57%
wearing
55%
Pretending
53%
maybe
52%
time
52%
superstitious
50%
well
50%
fucked-up
47%
lies
38%
No matching quizzes found
Score Distribution
Percent of People with Each Score
Percentile by Number Answered
Your Score History
You have not taken this quiz